000 00442nam a2200145Ia 4500
008 100122s9999 xx 000 0 und d
082 _b33971
_a823
100 _aव्हटकर जयवंत
245 _aसैतानी जाग
260 _bगुलमोहर पब्लिकेशन्स
_c1983
300 _a256
630 _aसैतानी जाग
730 _aसैतानी जाग
942 _cBOOK
999 _c417877
_d417874